000 00952nam2a2200241 4500
001 RU\NLR\bibl\491864
005 20250623195426.0
035 _a(NLR Aleph) 000484534
090 _a1074797
_c1074797
100 _a20040217d2002 |||y0rusy50 ca
101 0 _arus
102 _aRU
105 _ay |||||||||
200 0 _aN° 7
210 _d2002
_aБ. м.
215 _a42 с.
320 _aБиблиогр. в конце ст.
461 0 _1001RU\NLR\bibl\232646
_12001#$aМетодология исследовательской работы$vN° 7
_91330026
_cСПб.
_d2001
_nСПбГУКИ
_o[Материалы постоянно действующего семинара "Новые методы изучения библ. отрасли"]
_tМетодология исследовательской работы
_vN° 7
801 0 _aRU
_bNLR
_c20040217
_gPSBO
801 1 _aRU
_bNLR
_c20040217
942 _cBOOK
980 _aNB